| 000 | 00931cab a2200229 4500 | ||
|---|---|---|---|
| 001 | ABS39133 | ||
| 008 | 090401t1988 xxu||||| |||| 00| 0 eng d | ||
| 035 | _a(Sirsi) u14611 | ||
| 041 | _aeng | ||
| 100 | _aHenderson, M. | ||
| 245 | _aYour rights on rating | ||
| 260 | _c1988 | ||
| 350 | _a0 | ||
| 490 |
_aShop Property _vApril 1988, 54-55(2) |
||
| 520 | _aAssesses revaluation as it will affect shops towards which it is accepted there will be a relative shift in the total rate burden with prime high street shops being hardest hit. A table is given comparing, for different property addresses, the current rateable value and payments with those after revaluation and suggestions are made as to what action should be taken in the lead up to 1990. | ||
| 650 | _aBUSINESS RATES | ||
| 650 | _aNATIONAL NON-DOMESTIC RATE | ||
| 650 | _aRATING REFORM | ||
| 690 | _aRATING AND VALUATION | ||
| 942 | _n0 | ||
| 948 | _c04/03/1997 | ||
| 999 |
_c9535 _d9535 |
||